header

Father Mercer (Record no. 246001)

MARC details
000 -LEADER
fixed length control field 01310nam a2200349Ia 4500
082 04 - DEWEY DECIMAL CLASSIFICATION NUMBER
Classification number 286.092
-- B
100 1# - MAIN ENTRY--AUTHOR NAME
Personal name Chute, Anthony L.
245 10 - TITLE STATEMENT
Title Father Mercer
250 ## - EDITION STATEMENT
Edition statement 1st ed.
260 ## - PUBLICATION, DISTRIBUTION, ETC. (IMPRINT)
Place of publication Macon, GA :
Name of publisher Mercer University Press,
Year of publication c2011.
300 ## - PHYSICAL DESCRIPTION
Number of Pages 146 p.
650 #0 - SUBJECT ADDED ENTRY--TOPICAL TERM
Topical Term Baptists
700 12 - ADDED ENTRY--PERSONAL NAME
Personal name Mercer, Jesse,
856 40 - ELECTRONIC LOCATION AND ACCESS
Uniform Resource Identifier http://site.ebrary.com/lib/rucke/Doc?id=10539141

No items available.

© 2026 Rongo University
Contact us: librarian | system librarian | Rongo university